[Event "M?R 2020 v bleskovém ?achu druzstev"]
[Site "Turnov"]
[Date "2020.09.12"]
[Round "12.8"]
[White "Janousek DVO, Petr"]
[Black "Kucera TUR_B, Petr"]
[Result "0-1"]
[BlackElo "2252"]
[WhiteElo "2147"]
[LiveChessVersion "1.4.8"]

1. e4 {[%clk 0:03:03]} d5 {[%clk 0:03:03]} 2. exd5 {[%clk 0:03:04]} Nf6
{[%clk 0:03:04]} 3. d4 {[%clk 0:02:54]} Nxd5 {[%clk 0:03:04]} 4. Nf3
{[%clk 0:02:54]} Bg4 {[%clk 0:03:04]} 5. h3 {[%clk 0:02:53]} Bh5 {[%clk 0:03:05]}
6. Be2 {[%clk 0:02:54]} e6 {[%clk 0:02:56]} 7. O-O {[%clk 0:02:54]} Be7
{[%clk 0:02:52]} 8. c4 {[%clk 0:02:51]} Nb6 {[%clk 0:02:52]} 9. Be3
{[%clk 0:02:49]} Nc6 {[%clk 0:02:44]} 10. Nc3 {[%clk 0:02:29]} Bxf3
{[%clk 0:02:32]} 11. Bxf3 {[%clk 0:02:30]} Nxc4 {[%clk 0:02:32]} 12. Qa4
{[%clk 0:02:07]} Nb6 {[%clk 0:02:17]} 13. Bxc6+ {[%clk 0:02:03]} bxc6
{[%clk 0:02:18]} 14. Qxc6+ {[%clk 0:02:04]} Qd7 {[%clk 0:02:19]} 15. Qf3
{[%clk 0:02:00]} O-O {[%clk 0:02:04]} 16. Rac1 {[%clk 0:02:01]} a5
{[%clk 0:01:32]} 17. Ne4 {[%clk 0:01:51]} Nd5 {[%clk 0:01:32]} 18. Nc5
{[%clk 0:01:39]} Bxc5 {[%clk 0:01:26]} 19. dxc5 {[%clk 0:01:39]} Qa4
{[%clk 0:01:15]} 20. a3 {[%clk 0:01:33]} Qb3 {[%clk 0:01:09]} 21. Qg4
{[%clk 0:01:11]} Nxe3 {[%clk 0:00:55]} 22. fxe3 {[%clk 0:01:11]} Qxe3+
{[%clk 0:00:50]} 23. Kh1 {[%clk 0:01:13]} Rad8 {[%clk 0:00:42]} 24. Qa4
{[%clk 0:01:01]} Qd2 {[%clk 0:00:38]} 25. b4 {[%clk 0:00:56]} axb4
{[%clk 0:00:28]} 26. axb4 {[%clk 0:00:56]} Rd4 {[%clk 0:00:26]} 27. Qc6
{[%clk 0:00:46]} Rxb4 {[%clk 0:00:18]} 28. Qxc7 {[%clk 0:00:47]} Rb2
{[%clk 0:00:19]} 29. Qg3 {[%clk 0:00:44]} Rc2 {[%clk 0:00:18]} 30. Rxc2
{[%clk 0:00:33]} Qxc2 {[%clk 0:00:19]} 31. Qd6 {[%clk 0:00:33]} h6
{[%clk 0:00:10]} 32. c6 {[%clk 0:00:28]} Rc8 {[%clk 0:00:10]} 33. Qd7
{[%clk 0:00:29]} Qxc6 {[%clk 0:00:11]} 34. Qxf7+ {[%clk 0:00:30]} Kh8
{[%clk 0:00:12]} 35. Re1 {[%clk 0:00:24]} Re8 {[%clk 0:00:12]} 36. Qg6
{[%clk 0:00:22]} Qd7 {[%clk 0:00:13]} 37. Qe4 {[%clk 0:00:21]} e5
{[%clk 0:00:14]} 38. Kh2 {[%clk 0:00:19]} Qf7 {[%clk 0:00:14]} 39. Kh1
{[%clk 0:00:20]} Kg8 {[%clk 0:00:15]} 40. Kh2 {[%clk 0:00:21]} Qf6
{[%clk 0:00:15]} 41. Kh1 {[%clk 0:00:22]} Kf7 {[%clk 0:00:15]} 42. Qe2
{[%clk 0:00:20]} Kg8 {[%clk 0:00:15]} 43. Qe4 {[%clk 0:00:21]} Qd6
{[%clk 0:00:13]} 44. Qc4+ {[%clk 0:00:17]} Kh8 {[%clk 0:00:14]} 45. Qe4
{[%clk 0:00:18]} Qf6 {[%clk 0:00:13]} 46. Kh2 {[%clk 0:00:17]} Re7
{[%clk 0:00:13]} 47. Kh1 {[%clk 0:00:18]} Re8 {[%clk 0:00:11]} 48. Kh2
{[%clk 0:00:20]} Kg8 {[%clk 0:00:12]} 49. Kh1 {[%clk 0:00:21]} Qf7
{[%clk 0:00:11]} 50. Kh2 {[%clk 0:00:19]} Qe6 {[%clk 0:00:10]} 51. Kh1
{[%clk 0:00:19]} Qf6 {[%clk 0:00:09]} 52. Kh2 {[%clk 0:00:20]} Kf8
{[%clk 0:00:09]} 53. Qe2 {[%clk 0:00:21]} Qf4+ {[%clk 0:00:10]} 54. Kh1
{[%clk 0:00:23]} Kg8 {[%clk 0:00:11]} 55. Qa2+ {[%clk 0:00:20]} Kh8
{[%clk 0:00:12]} 56. Qe2 {[%clk 0:00:11]} e4 {[%clk 0:00:13]} 57. Qe3
{[%clk 0:00:11]} Qxe3 {[%clk 0:00:13]} 58. Rxe3 {[%clk 0:00:12]} g5
{[%clk 0:00:14]} 59. Kg1 {[%clk 0:00:13]} Kg7 {[%clk 0:00:16]} 60. Kf2 Kf6 61.
Ra3 {[%clk 0:00:15]} Kf5 {[%clk 0:00:19]} 62. Ra5+ {[%clk 0:00:14]} Re5
{[%clk 0:00:19]} 63. Ra6 {[%clk 0:00:16]} h5 {[%clk 0:00:21]} 64. Ke3
{[%clk 0:00:16]} Rb5 {[%clk 0:00:20]} 65. Ra8 {[%clk 0:00:13]} Rb3+
{[%clk 0:00:21]} 66. Ke2 {[%clk 0:00:14]} Rb2+ {[%clk 0:00:22]} 67. Kf1
{[%clk 0:00:14]} Kf4 {[%clk 0:00:24]} 68. Ra3 {[%clk 0:00:14]} h4
{[%clk 0:00:24]} 69. Rc3 Rb1+ {[%clk 0:00:21]} 70. Kf2 {[%clk 0:00:14]} Rb2+
{[%clk 0:00:22]} 71. Kf1 {[%clk 0:00:16]} e3 {[%clk 0:00:23]} 72. Rc4+
{[%clk 0:00:14]} Kg3 {[%clk 0:00:24]} 73. Rg4+ {[%clk 0:00:15]} Kh2
{[%clk 0:00:25]} 74. Rxg5 {[%clk 0:00:16]} Rf2+ {[%clk 0:00:24]} 75. Ke1
{[%clk 0:00:16]} Rxg2 {[%clk 0:00:25]} 76. Rh5 {[%clk 0:00:11]} Kxh3
{[%clk 0:00:26]} 77. Rh8 {[%clk 0:00:12]} Rg3 {[%clk 0:00:20]} 78. Ke2
{[%clk 0:00:12]} Rg7 {[%clk 0:00:14]} 79. Kxe3 Kg3 {[%clk 0:00:15]} 80. Ra8
{[%clk 0:00:13]} h3 {[%clk 0:00:16]} 81. Ke2 {[%clk 0:00:12]} h2 {[%clk 0:00:16]}
82. Ra3+ {[%clk 0:00:13]} Kg2 {[%clk 0:00:18]} 83. Ke1 0-1

[Event "M?R 2020 v bleskovém ?achu druzstev"]
[Site "Turnov"]
[Date "2020.09.12"]
[Round "13.1"]
[White "Obsivac MOR_B, Josef"]
[Black "Kraus TUR_A, Tomas"]
[Result "1/2-1/2"]
[BlackElo "2417"]
[WhiteElo "2257"]
[LiveChessVersion "1.4.8"]

1. d4 {[%clk 0:03:03]} d5 {[%clk 0:03:03]} 2. c4 {[%clk 0:03:04]} e6
{[%clk 0:03:05]} 3. Nc3 {[%clk 0:03:05]} c5 {[%clk 0:03:04]} 4. e3
{[%clk 0:03:00]} Nf6 {[%clk 0:03:05]} 5. Nf3 a6 6. a3 {[%clk 0:02:52]} dxc4
{[%clk 0:03:00]} 7. Bxc4 {[%clk 0:02:53]} b5 {[%clk 0:03:01]} 8. Be2
{[%clk 0:02:43]} Bb7 {[%clk 0:03:00]} 9. O-O {[%clk 0:02:38]} cxd4
{[%clk 0:02:50]} 10. Nxd4 {[%clk 0:02:31]} Be7 {[%clk 0:01:46]} 11. b4
{[%clk 0:02:32]} O-O {[%clk 0:01:43]} 12. Bb2 {[%clk 0:02:34]} Nbd7
{[%clk 0:01:34]} 13. Nb3 {[%clk 0:02:30]} Rc8 {[%clk 0:01:32]} 14. Rc1
{[%clk 0:02:26]} Nb6 {[%clk 0:01:14]} 15. Na5 {[%clk 0:02:23]} Ba8
{[%clk 0:01:11]} 16. Qxd8 {[%clk 0:02:16]} Rfxd8 {[%clk 0:01:12]} 17. Rfd1
{[%clk 0:02:16]} Rxd1+ {[%clk 0:00:59]} 18. Rxd1 {[%clk 0:02:15]} Rd8
{[%clk 0:00:58]} 19. Rxd8+ {[%clk 0:02:14]} Bxd8 {[%clk 0:01:00]} 20. f3
{[%clk 0:02:06]} Nfd5 {[%clk 0:00:52]} 21. Nd1 {[%clk 0:02:01]} Na4
{[%clk 0:00:49]} 22. Bd4 {[%clk 0:02:00]} f6 {[%clk 0:00:48]} 23. e4
{[%clk 0:02:00]} Bb6 {[%clk 0:00:36]} 24. Bxb6 {[%clk 0:01:55]} Ndxb6
{[%clk 0:00:37]} 25. Kf2 {[%clk 0:01:54]} Kf7 {[%clk 0:00:37]} 26. Ke3
{[%clk 0:01:45]} e5 {[%clk 0:00:37]} 27. g3 {[%clk 0:01:45]} g5 {[%clk 0:00:37]}
28. f4 {[%clk 0:01:40]} gxf4+ {[%clk 0:00:33]} 29. gxf4 {[%clk 0:01:41]} Ke6
{[%clk 0:00:32]} 30. Bg4+ {[%clk 0:01:40]} Kd6 {[%clk 0:00:33]} 31. Bf5 h6 32.
Bh7 {[%clk 0:01:26]} Bc6 {[%clk 0:00:33]} 33. Bg8 {[%clk 0:01:23]} Bd7
{[%clk 0:00:32]} 34. f5 {[%clk 0:01:13]} Be8 {[%clk 0:00:33]} 35. Nf2
{[%clk 0:01:06]} Nc3 {[%clk 0:00:24]} 36. Ng4 {[%clk 0:00:59]} Ke7
{[%clk 0:00:20]} 37. Nxh6 {[%clk 0:00:58]} Nb1 {[%clk 0:00:19]} 38. Ba2
{[%clk 0:00:48]} Nxa3 {[%clk 0:00:19]} 39. Kd3 {[%clk 0:00:49]} Kf8
{[%clk 0:00:11]} 40. Ng4 {[%clk 0:00:49]} Kg7 {[%clk 0:00:12]} 41. Ne3
{[%clk 0:00:49]} Bf7 {[%clk 0:00:10]} 42. Bxf7 {[%clk 0:00:44]} Kxf7
{[%clk 0:00:12]} 43. Nb3 {[%clk 0:00:33]} Nac4 {[%clk 0:00:09]} 44. Nc5
{[%clk 0:00:30]} Nxe3 {[%clk 0:00:09]} 45. Kxe3 {[%clk 0:00:31]} a5
{[%clk 0:00:09]} 46. bxa5 {[%clk 0:00:30]} Nc4+ {[%clk 0:00:11]} 47. Kd3
{[%clk 0:00:30]} Nxa5 {[%clk 0:00:12]} 48. Kd4 1/2-1/2

[Event "M?R 2020 v bleskovém ?achu druzstev"]
[Site "Turnov"]
[Date "2020.09.12"]
[Round "13.2"]
[White "Simacek TUR_A, Pavel"]
[Black "Bures MOR_B, Vit"]
[Result "1-0"]
[BlackElo "2197"]
[WhiteElo "2407"]
[LiveChessVersion "1.4.8"]

1. e4 {[%clk 0:03:02]} e5 {[%clk 0:03:04]} 2. Nf3 {[%clk 0:03:03]} Nc6
{[%clk 0:03:05]} 3. c3 {[%clk 0:03:04]} d5 {[%clk 0:03:03]} 4. Qa4
{[%clk 0:02:54]} f6 {[%clk 0:03:04]} 5. exd5 {[%clk 0:02:44]} Qxd5
{[%clk 0:03:05]} 6. Bc4 {[%clk 0:02:44]} Qe4+ {[%clk 0:02:10]} 7. Kd1
{[%clk 0:02:33]} Be6 {[%clk 0:02:04]} 8. Bb5 {[%clk 0:01:55]} Qxa4+
{[%clk 0:01:54]} 9. Bxa4 {[%clk 0:01:57]} O-O-O {[%clk 0:01:52]} 10. Re1
{[%clk 0:01:51]} Bc5 {[%clk 0:01:26]} 11. d4 {[%clk 0:01:19]} Bg4
{[%clk 0:01:24]} 12. Bxc6 {[%clk 0:01:19]} bxc6 {[%clk 0:01:23]} 13. b4
{[%clk 0:01:16]} Bd6 {[%clk 0:00:43]} 14. dxe5 {[%clk 0:01:09]} Bxf3+
{[%clk 0:00:35]} 15. gxf3 {[%clk 0:01:08]} Bxe5+ {[%clk 0:00:36]} 16. Kc2
{[%clk 0:01:09]} Ne7 {[%clk 0:00:25]} 17. f4 {[%clk 0:01:07]} Bd6
{[%clk 0:00:26]} 18. Be3 {[%clk 0:01:07]} a6 {[%clk 0:00:20]} 19. Nd2
{[%clk 0:01:05]} Ng6 {[%clk 0:00:17]} 20. f5 {[%clk 0:01:03]} Nh4
{[%clk 0:00:14]} 21. h3 {[%clk 0:00:57]} Nxf5 {[%clk 0:00:12]} 22. Ne4
{[%clk 0:00:58]} Rhe8 {[%clk 0:00:08]} 23. Nxd6+ {[%clk 0:00:48]} cxd6
{[%clk 0:00:09]} 24. Bd2 {[%clk 0:00:47]} Kd7 {[%clk 0:00:06]} 25. Kd3
{[%clk 0:00:45]} d5 {[%clk 0:00:06]} 26. Rg1 {[%clk 0:00:44]} g6 {[%clk 0:00:07]}
27. a4 {[%clk 0:00:43]} Re4 {[%clk 0:00:07]} 28. b5 {[%clk 0:00:42]} axb5
{[%clk 0:00:07]} 29. axb5 {[%clk 0:00:43]} Rde8 {[%clk 0:00:03]} 30. Ra7+
{[%clk 0:00:42]} Kd6 {[%clk 0:00:04]} 31. b6 {[%clk 0:00:29]} Rb8
{[%clk 0:00:05]} 32. Rb1 {[%clk 0:00:30]} Rc4 {[%clk 0:00:03]} 33. Rxh7
{[%clk 0:00:29]} g5 {[%clk 0:00:04]} 34. b7 {[%clk 0:00:27]} Kc5 {[%clk 0:00:03]}
35. Rf7 {[%clk 0:00:27]} Nd6 {[%clk 0:00:05]} 36. Be3+ {[%clk 0:00:26]} d4
{[%clk 0:00:05]} 37. Bxd4+ {[%clk 0:00:20]} Kd5 {[%clk 0:00:07]} 38. Rxf6 Ra4
{[%clk 0:00:07]} 39. Rg6 {[%clk 0:00:16]} Nb5 {[%clk 0:00:03]} 40. c4+
{[%clk 0:00:15]} Rxc4 {[%clk 0:00:04]} 41. Rxg5+ {[%clk 0:00:16]} Ke6
{[%clk 0:00:05]} 42. Kxc4 {[%clk 0:00:16]} Nd6+ {[%clk 0:00:06]} 43. Kd3
{[%clk 0:00:17]} Ra8 1-0

[Event "M?R 2020 v bleskovém ?achu druzstev"]
[Site "Turnov"]
[Date "2020.09.12"]
[Round "13.3"]
[White "Skacelik MOR_B, Petr"]
[Black "Vykouk TUR_A, Jan"]
[Result "0-1"]
[BlackElo "2374"]
[WhiteElo "2089"]
[LiveChessVersion "1.4.8"]

1. d4 {[%clk 0:03:02]} Nf6 {[%clk 0:03:03]} 2. c4 {[%clk 0:03:04]} g6
{[%clk 0:03:04]} 3. Nc3 {[%clk 0:03:05]} Bg7 {[%clk 0:03:05]} 4. e4 d6 5. f3
{[%clk 0:03:07]} c6 {[%clk 0:03:05]} 6. Be3 {[%clk 0:03:07]} a6 {[%clk 0:03:07]}
7. a4 {[%clk 0:03:07]} a5 {[%clk 0:03:08]} 8. Rc1 {[%clk 0:03:05]} Na6
{[%clk 0:03:09]} 9. Bd3 {[%clk 0:03:05]} Nb4 10. Bb1 O-O {[%clk 0:03:10]} 11.
Nge2 {[%clk 0:03:06]} e5 {[%clk 0:03:10]} 12. O-O {[%clk 0:03:06]} Nh5
{[%clk 0:03:02]} 13. g4 {[%clk 0:02:56]} Nf6 {[%clk 0:03:03]} 14. Qd2
{[%clk 0:02:55]} h5 {[%clk 0:03:04]} 15. g5 {[%clk 0:02:56]} Nd7 {[%clk 0:03:05]}
16. h4 {[%clk 0:02:55]} f6 {[%clk 0:02:35]} 17. f4 {[%clk 0:02:34]} fxg5
{[%clk 0:02:24]} 18. fxg5 {[%clk 0:02:34]} exd4 {[%clk 0:02:17]} 19. Nxd4
{[%clk 0:02:28]} Ne5 {[%clk 0:02:17]} 20. b3 {[%clk 0:02:19]} c5 {[%clk 0:01:53]}
21. Rxf8+ {[%clk 0:02:10]} Bxf8 {[%clk 0:01:53]} 22. Rf1 {[%clk 0:02:01]} cxd4
{[%clk 0:01:53]} 23. Bxd4 {[%clk 0:02:02]} Bg7 {[%clk 0:01:46]} 24. Nd5
{[%clk 0:02:00]} Nxd5 {[%clk 0:01:40]} 25. Bxe5 {[%clk 0:02:00]} dxe5
{[%clk 0:01:10]} 26. exd5 {[%clk 0:02:00]} Bh3 {[%clk 0:01:04]} 27. Rf2
{[%clk 0:01:46]} Qb6 {[%clk 0:01:04]} 28. Kh2 {[%clk 0:01:41]} Bg4
{[%clk 0:01:01]} 29. d6 {[%clk 0:01:26]} e4 {[%clk 0:00:52]} 30. Bxe4
{[%clk 0:01:11]} Be5+ {[%clk 0:00:53]} 31. Kg2 {[%clk 0:01:09]} Qxd6
{[%clk 0:00:50]} 32. Qxd6 {[%clk 0:01:10]} Bxd6 {[%clk 0:00:51]} 33. Bxg6
{[%clk 0:01:10]} Rf8 {[%clk 0:00:38]} 34. Rd2 {[%clk 0:00:48]} Bc5
{[%clk 0:00:38]} 35. Be4 {[%clk 0:00:43]} b6 {[%clk 0:00:38]} 36. Bd5+
{[%clk 0:00:39]} Kg7 {[%clk 0:00:39]} 37. Be4 {[%clk 0:00:40]} Rf4
{[%clk 0:00:32]} 38. Bc6 {[%clk 0:00:35]} Rd4 {[%clk 0:00:27]} 39. Rf2
{[%clk 0:00:29]} Rd6 {[%clk 0:00:27]} 40. Bd5 {[%clk 0:00:29]} Bxf2
{[%clk 0:00:27]} 0-1

[Event "M?R 2020 v bleskovém ?achu druzstev"]
[Site "Turnov"]
[Date "2020.09.12"]
[Round "13.4"]
[White "Studnicka TUR_A, Tomas"]
[Black "Vavra MOR_B, Michal"]
[Result "1-0"]
[BlackElo "1910"]
[WhiteElo "2155"]
[LiveChessVersion "1.4.8"]

1. d4 {[%clk 0:03:03]} d5 {[%clk 0:03:00]} 2. Nf3 {[%clk 0:03:04]} Nf6 3. c3 g6
{[%clk 0:02:53]} 4. Bf4 {[%clk 0:03:00]} Bg7 {[%clk 0:02:53]} 5. h3
{[%clk 0:03:02]} O-O {[%clk 0:02:50]} 6. e3 {[%clk 0:03:03]} c5 {[%clk 0:02:49]}
7. Bd3 {[%clk 0:03:04]} Nc6 {[%clk 0:02:45]} 8. O-O {[%clk 0:03:05]} c4
{[%clk 0:02:36]} 9. Bc2 {[%clk 0:03:04]} Nd7 {[%clk 0:02:29]} 10. Nbd2
{[%clk 0:03:04]} e5 {[%clk 0:02:26]} 11. dxe5 {[%clk 0:03:01]} Ndxe5
{[%clk 0:02:19]} 12. Nxe5 {[%clk 0:03:02]} Nxe5 {[%clk 0:02:16]} 13. Nf3
{[%clk 0:03:03]} Nxf3+ {[%clk 0:02:06]} 14. Qxf3 {[%clk 0:03:03]} Be6
{[%clk 0:01:54]} 15. Rfd1 {[%clk 0:03:04]} Qb6 {[%clk 0:01:53]} 16. Rab1
{[%clk 0:03:06]} Rad8 {[%clk 0:01:46]} 17. a3 {[%clk 0:02:47]} Qc5
{[%clk 0:01:40]} 18. Qg3 {[%clk 0:02:47]} Rfe8 {[%clk 0:01:27]} 19. Bc7
{[%clk 0:02:39]} Rd7 {[%clk 0:01:19]} 20. Be5 {[%clk 0:02:40]} b5
{[%clk 0:00:43]} 21. Bxg7 {[%clk 0:02:30]} Kxg7 {[%clk 0:00:44]} 22. Rd4
{[%clk 0:02:32]} Qd6 {[%clk 0:00:38]} 23. Qh4 {[%clk 0:02:23]} Qe5
{[%clk 0:00:32]} 24. Rbd1 {[%clk 0:02:20]} a5 {[%clk 0:00:23]} 25. e4
{[%clk 0:02:11]} Red8 {[%clk 0:00:14]} 26. f4 {[%clk 0:02:13]} Qf6
{[%clk 0:00:11]} 27. Qxf6+ {[%clk 0:01:59]} Kxf6 {[%clk 0:00:12]} 28. e5+
{[%clk 0:01:53]} Ke7 {[%clk 0:00:13]} 29. g4 {[%clk 0:01:40]} Rb7
{[%clk 0:00:07]} 30. f5 {[%clk 0:01:40]} gxf5 {[%clk 0:00:05]} 31. gxf5
{[%clk 0:01:42]} Bc8 {[%clk 0:00:04]} 32. Rxd5 {[%clk 0:01:33]} Rxd5
{[%clk 0:00:04]} 33. Rxd5 {[%clk 0:01:34]} b4 {[%clk 0:00:05]} 34. axb4
{[%clk 0:01:30]} axb4 {[%clk 0:00:06]} 35. Rc5 {[%clk 0:01:31]} Bd7
{[%clk 0:00:04]} 36. Be4 {[%clk 0:01:24]} Rb6 {[%clk 0:00:04]} 37. Rxc4
{[%clk 0:01:17]} bxc3 {[%clk 0:00:05]} 38. bxc3 {[%clk 0:01:17]} Rb2
{[%clk 0:00:06]} 39. Rc7 {[%clk 0:01:14]} Kd8 {[%clk 0:00:07]} 40. Rb7
{[%clk 0:01:09]} Rd2 {[%clk 0:00:03]} 41. c4 {[%clk 0:00:59]} Re2
{[%clk 0:00:04]} 42. Bd5 {[%clk 0:00:57]} Rxe5 {[%clk 0:00:04]} 43. Bxf7
{[%clk 0:00:57]} Rxf5 {[%clk 0:00:05]} 44. Bd5 {[%clk 0:00:58]} Rg5+
{[%clk 0:00:06]} 45. Kh2 {[%clk 0:00:59]} Rh5 {[%clk 0:00:07]} 46. Bg2
{[%clk 0:00:59]} Rc5 {[%clk 0:00:08]} 47. Bd5 {[%clk 0:00:59]} Bc6
{[%clk 0:00:07]} 48. Bxc6 {[%clk 0:00:41]} Rxc6 {[%clk 0:00:08]} 49. Rxh7
{[%clk 0:00:41]} Rxc4 {[%clk 0:00:10]} 50. Rf7 {[%clk 0:00:42]} Ke8
{[%clk 0:00:10]} 51. Rf3 {[%clk 0:00:42]} Ke7 {[%clk 0:00:11]} 52. Kg3
{[%clk 0:00:43]} Rc5 {[%clk 0:00:11]} 53. h4 {[%clk 0:00:44]} Rh5
{[%clk 0:00:11]} 54. Kg4 {[%clk 0:00:45]} Rh7 {[%clk 0:00:11]} 55. h5
{[%clk 0:00:46]} Rg7+ {[%clk 0:00:12]} 56. Kh4 {[%clk 0:00:47]} Ke6
{[%clk 0:00:12]} 57. h6 Rh7 58. Kh5 {[%clk 0:00:46]} Ke5 {[%clk 0:00:14]} 59. Kg6
{[%clk 0:00:47]} Rb7 {[%clk 0:00:13]} 60. h7 {[%clk 0:00:48]} Rb6+
{[%clk 0:00:14]} 61. Kg7 {[%clk 0:00:49]} Rb7+ {[%clk 0:00:15]} 62. Rf7
{[%clk 0:00:50]} Kd5 1-0

[Event "M?R 2020 v bleskovém ?achu druzstev"]
[Site "Turnov"]
[Date "2020.09.12"]
[Round "13.5"]
[White "Polak KHO, Benedikt"]
[Black "Urban JIC, Zdenek"]
[Result "1/2-1/2"]
[BlackElo "2108"]
[WhiteElo "2161"]
[LiveChessVersion "1.4.8"]

1. e4 {[%clk 0:03:01]} c5 {[%clk 0:03:02]} 2. Nf3 {[%clk 0:03:01]} d6
{[%clk 0:03:02]} 3. Bb5+ {[%clk 0:03:01]} Bd7 {[%clk 0:03:03]} 4. c4
{[%clk 0:03:01]} Nc6 {[%clk 0:02:58]} 5. O-O {[%clk 0:02:55]} Nf6
{[%clk 0:02:59]} 6. Nc3 {[%clk 0:02:53]} g6 {[%clk 0:02:58]} 7. d4
{[%clk 0:02:48]} cxd4 {[%clk 0:02:55]} 8. Nxd4 {[%clk 0:02:45]} Bg7
{[%clk 0:02:56]} 9. Nde2 {[%clk 0:02:38]} O-O {[%clk 0:02:47]} 10. f3
{[%clk 0:02:29]} Ne5 {[%clk 0:02:23]} 11. Bxd7 {[%clk 0:02:25]} Nfxd7
{[%clk 0:02:23]} 12. b3 Rc8 {[%clk 0:02:20]} 13. Be3 {[%clk 0:02:13]} Qa5
{[%clk 0:02:06]} 14. Rc1 {[%clk 0:02:05]} Rfd8 {[%clk 0:01:52]} 15. Qd2
{[%clk 0:01:50]} Nc5 {[%clk 0:01:46]} 16. Rfd1 {[%clk 0:01:35]} a6
{[%clk 0:01:32]} 17. Nd5 {[%clk 0:01:20]} Qxd2 {[%clk 0:01:31]} 18. Rxd2
{[%clk 0:01:16]} Kf8 {[%clk 0:01:28]} 19. Rcd1 {[%clk 0:00:56]} Nc6
{[%clk 0:01:22]} 20. Nd4 {[%clk 0:00:49]} Nxd4 {[%clk 0:01:13]} 21. Bxd4
{[%clk 0:00:47]} Bxd4+ {[%clk 0:01:08]} 22. Rxd4 {[%clk 0:00:47]} Nd7
{[%clk 0:00:59]} 23. f4 {[%clk 0:00:36]} e5 {[%clk 0:00:53]} 24. R4d2
{[%clk 0:00:33]} Rc6 {[%clk 0:00:52]} 25. g3 {[%clk 0:00:30]} f6 {[%clk 0:00:45]}
26. Nb4 {[%clk 0:00:20]} Rb6 {[%clk 0:00:45]} 27. Nd5 Rc6 28. Nb4
{[%clk 0:00:18]} Rb6 {[%clk 0:00:48]} 29. Nd5 Rc6 30. Nb4 {[%clk 0:00:18]} Rb6
1/2-1/2

[Event "M?R 2020 v bleskovém ?achu druzstev"]
[Site "Turnov"]
[Date "2020.09.12"]
[Round "13.6"]
[White "Buchar JIC, Petr"]
[Black "Vrkota KHO, Milos"]
[Result "1/2-1/2"]
[BlackElo "2075"]
[WhiteElo "2000"]
[LiveChessVersion "1.4.8"]

1. f4 {[%clk 0:03:02]} c5 {[%clk 0:03:02]} 2. Nf3 {[%clk 0:03:03]} d6
{[%clk 0:03:03]} 3. g3 {[%clk 0:03:05]} Nc6 {[%clk 0:03:04]} 4. Bg2
{[%clk 0:03:06]} g6 {[%clk 0:03:05]} 5. d3 {[%clk 0:03:08]} Bg7 {[%clk 0:03:07]}
6. c3 {[%clk 0:03:09]} Nf6 {[%clk 0:03:04]} 7. e4 {[%clk 0:03:10]} O-O
{[%clk 0:03:02]} 8. O-O {[%clk 0:03:11]} a6 9. h3 Qc7 {[%clk 0:02:53]} 10. Be3
{[%clk 0:03:12]} b5 {[%clk 0:02:52]} 11. Nbd2 {[%clk 0:03:01]} Bb7
{[%clk 0:02:53]} 12. a3 {[%clk 0:03:00]} a5 {[%clk 0:02:46]} 13. Rc1
{[%clk 0:02:58]} b4 {[%clk 0:02:10]} 14. axb4 {[%clk 0:02:56]} axb4
{[%clk 0:02:11]} 15. d4 {[%clk 0:02:57]} bxc3 {[%clk 0:02:04]} 16. bxc3
{[%clk 0:02:56]} Nd7 {[%clk 0:01:38]} 17. e5 {[%clk 0:02:56]} dxe5
{[%clk 0:01:29]} 18. fxe5 {[%clk 0:02:26]} e6 {[%clk 0:01:25]} 19. Ng5
{[%clk 0:02:22]} cxd4 {[%clk 0:00:57]} 20. cxd4 {[%clk 0:02:21]} Qb6
{[%clk 0:00:40]} 21. Bf2 {[%clk 0:01:35]} Nb4 {[%clk 0:00:29]} 22. Rb1
{[%clk 0:01:26]} Bxg2 {[%clk 0:00:29]} 23. Kxg2 {[%clk 0:01:26]} Qc6+
{[%clk 0:00:30]} 24. Qf3 {[%clk 0:01:18]} Qxf3+ {[%clk 0:00:30]} 25. Ndxf3
{[%clk 0:01:19]} Nd5 {[%clk 0:00:31]} 26. Rb7 {[%clk 0:01:12]} N7b6
{[%clk 0:00:29]} 27. Rb1 {[%clk 0:01:02]} Nc4 {[%clk 0:00:23]} 28. R1b3
{[%clk 0:00:38]} Ra2 {[%clk 0:00:23]} 29. Kg1 {[%clk 0:00:30]} Nd2
{[%clk 0:00:21]} 30. Nxd2 Rxd2 {[%clk 0:00:22]} 31. Rb8 {[%clk 0:00:25]} h6
{[%clk 0:00:19]} 32. Rxf8+ {[%clk 0:00:21]} Bxf8 {[%clk 0:00:20]} 33. Ne4
{[%clk 0:00:19]} Rd1+ {[%clk 0:00:21]} 34. Kg2 {[%clk 0:00:20]} Kg7
{[%clk 0:00:21]} 35. Rb7 {[%clk 0:00:19]} Rc1 {[%clk 0:00:16]} 36. Kf3
{[%clk 0:00:17]} Rc7 {[%clk 0:00:17]} 37. Rxc7 {[%clk 0:00:17]} Nxc7
{[%clk 0:00:18]} 38. Nc3 {[%clk 0:00:14]} Bb4 {[%clk 0:00:17]} 39. Ne4
{[%clk 0:00:13]} Nd5 {[%clk 0:00:17]} 40. Be3 {[%clk 0:00:12]} Kf8
{[%clk 0:00:14]} 41. Ke2 {[%clk 0:00:14]} Ke7 {[%clk 0:00:15]} 42. Kd3
{[%clk 0:00:15]} Be1 {[%clk 0:00:11]} 43. g4 {[%clk 0:00:15]} Bb4
{[%clk 0:00:12]} 44. Bd2 {[%clk 0:00:12]} Bxd2 45. Kxd2 {[%clk 0:00:14]} h5
{[%clk 0:00:12]} 46. gxh5 {[%clk 0:00:13]} gxh5 {[%clk 0:00:14]} 47. h4
{[%clk 0:00:12]} f5 {[%clk 0:00:15]} 48. exf6+ {[%clk 0:00:12]} Nxf6
{[%clk 0:00:16]} 49. Nxf6 {[%clk 0:00:13]} Kxf6 {[%clk 0:00:17]} 50. Ke3
{[%clk 0:00:14]} Kf5 {[%clk 0:00:18]} 51. Kf3 {[%clk 0:00:14]} e5
{[%clk 0:00:20]} 52. d5 {[%clk 0:00:14]} e4+ {[%clk 0:00:21]} 53. Ke3
{[%clk 0:00:16]} Ke5 {[%clk 0:00:22]} 54. d6 {[%clk 0:00:17]} Kxd6 55. Kxe4
{[%clk 0:00:19]} Ke6 {[%clk 0:00:24]} 56. Kf4 {[%clk 0:00:18]} 1/2-1/2

[Event "M?R 2020 v bleskovém ?achu druzstev"]
[Site "Turnov"]
[Date "2020.09.12"]
[Round "13.7"]
[White "Cernovsky KHO, Jiri"]
[Black "Kohout JIC, Jan"]
[Result "1-0"]
[BlackElo "1911"]
[WhiteElo "2052"]
[LiveChessVersion "1.4.8"]

1. e4 {[%clk 0:03:02]} c5 {[%clk 0:03:01]} 2. Nf3 {[%clk 0:03:03]} d6
{[%clk 0:03:02]} 3. g3 {[%clk 0:03:05]} e6 4. Bg2 Nc6 {[%clk 0:03:02]} 5. O-O
{[%clk 0:03:07]} g6 {[%clk 0:03:04]} 6. c3 {[%clk 0:03:09]} Bg7 {[%clk 0:03:04]}
7. d3 {[%clk 0:03:10]} Nge7 {[%clk 0:03:03]} 8. Be3 {[%clk 0:03:10]} O-O
{[%clk 0:03:00]} 9. Na3 {[%clk 0:03:11]} a6 {[%clk 0:02:58]} 10. Nc2
{[%clk 0:03:09]} Rb8 {[%clk 0:02:54]} 11. Qd2 {[%clk 0:03:10]} Re8
{[%clk 0:02:53]} 12. d4 {[%clk 0:03:01]} cxd4 {[%clk 0:02:51]} 13. Ncxd4
{[%clk 0:03:00]} d5 {[%clk 0:02:41]} 14. exd5 {[%clk 0:02:57]} Nxd5
{[%clk 0:02:40]} 15. Bh6 {[%clk 0:02:49]} Bh8 {[%clk 0:02:30]} 16. Rad1
{[%clk 0:02:47]} Nxd4 {[%clk 0:02:17]} 17. Nxd4 {[%clk 0:02:46]} Qe7
{[%clk 0:01:47]} 18. Rfe1 {[%clk 0:02:45]} Bd7 {[%clk 0:01:20]} 19. Bxd5
{[%clk 0:02:45]} Qc5 {[%clk 0:01:08]} 20. Bg2 {[%clk 0:02:44]} Rbd8
{[%clk 0:00:56]} 21. Bg5 {[%clk 0:02:41]} f6 {[%clk 0:00:56]} 22. Be3
{[%clk 0:02:42]} Qc7 {[%clk 0:00:50]} 23. Qc2 {[%clk 0:02:33]} e5
{[%clk 0:00:50]} 24. Ne2 {[%clk 0:02:30]} Bf5 {[%clk 0:00:51]} 25. Qb3+
{[%clk 0:02:26]} Be6 {[%clk 0:00:45]} 26. Qxb7 {[%clk 0:02:24]} Qc4
{[%clk 0:00:14]} 27. Rxd8 {[%clk 0:02:12]} Rxd8 {[%clk 0:00:14]} 28. Nc1
{[%clk 0:02:12]} 1-0